| 000 | 00755nam a2200229 a 4500 | ||
|---|---|---|---|
| 001 | 66886 | ||
| 003 | BD-RjUL | ||
| 005 | 20211209081605.0 | ||
| 008 | 170320s2005 xxu||||| |||| 00| 0 eng d | ||
| 020 | _a9792446117 | ||
| 035 | _a(BD-RjUL)67017 | ||
| 040 |
_aBD-RjUL _beng _cBD-RjUL |
||
| 041 | _aeng | ||
| 082 |
_223 _a634 _bWUP 2005 |
||
| 100 | 1 | 0 |
_a Wunder, Seven _9198050 |
| 245 | 1 | 0 |
_aPayment is good, control is better : _b Why payments for forest environmental services in Vietnam have so far remained incipient / _cSeven Wunder |
| 260 |
_aIndonesia : _bCenter for International Foresty Research, _c2005. |
||
| 300 |
_avi, 61 p. : _bill. ; _c25 cm. |
||
| 504 | _aIncludes bibliographical reference | ||
| 650 |
_aForestry _9198051 |
||
| 942 |
_2ddc _cBK |
||
| 999 |
_c66886 _d66886 |
||